00722cam a2200181 a 450000100100000000500170001000800410002704000250006808200240009310000380011724500440015526000750019930000170027450501160029150000450040765000430045265000450049500000632920200929153922.0971219s1973 pr b s000 0 spa  aDO-SdBNPbspacBNPHU aPR861.4408bL792ó1 aLlorens Torres, Luis,d1876-1944.10aObras completas /cLuis Llorens Torres. aSan Juan, Puerto Rico :bInstituto de Cultura Puertorriqueña,c1973. av. ;c23 cm.1 aVol. 1 Poesía : Al pie de la alhambra. Sonetos sinfónicos. Voces de la campana mayor. alturas de América. aLa biblioteca sólo posee el volumen 1. 4aPoesía puertorriqueñaxColecciones 4aLiteratura puertorriqueñaxColecciones